|
|
|
|
| LEADER |
00000cas a22000004a 4500 |
| 001 |
vtls009317034 |
| 003 |
SK-MaSNL |
| 005 |
20260221121420.0 |
| 008 |
080731c19819999xxuqr p 0 b0eng d |
| 022 |
|
|
|a 0278-5927
|
| 040 |
|
|
|a SNK
|b slo
|c SNK
|e AACR2
|
| 041 |
0 |
|
|a eng
|
| 044 |
|
|
|a xxu
|c US
|
| 210 |
0 |
|
|a J. Am. ethn. hist.
|
| 222 |
|
0 |
|a Journal of American ethnic history
|
| 245 |
0 |
0 |
|a Journal of American Ethnic History
|
| 260 |
|
|
|a Champaign
|b University of Illinois Press
|
| 300 |
|
|
|a zv.
|c 23 cm
|
| 310 |
|
|
|a 4x ročne
|
| 500 |
|
|
|a Popis podľa: Vol. 27, no. 3 (Spring 2008)
|
| 856 |
4 |
1 |
|u http://www.jstor.org/journals/02785927.html
|
| 910 |
|
|
|a snk
|
| 999 |
|
|
|c 7658
|d 9588
|
| 952 |
|
|
|0 0
|1 1
|4 0
|7 0
|8 2
|a SNK
|b SNK
|d 2012-05-22
|i snkČV 2592/91
|l 0
|o snkČC 4062/2/1982-83
|p 17A0888080
|r 2026-02-21 20:19:04
|t č. 2, neúpl.
|w 2026-02-21
|y PREZ
|
| 952 |
|
|
|0 0
|1 1
|4 0
|7 0
|8 2
|a SNK
|b SNK
|d 2012-05-22
|i snk2002/2219
|l 0
|o snkČC 4062/192/1999-2000
|p 17A0888079
|r 2026-02-21 20:23:21
|t č. 2-4, neúpl.
|w 2026-02-21
|y PREZ
|